Características de los pacientes atendidos por FISSAL para trasplante renal en el año 2022 Lima, Peru: estudio observacional descriptivo (Registro nro. 22520)

000 -Cabecera
Campo de control interno 02015nam a2200265 4500
001 - Número de control
control field ESSALUD
007 - Tipo material - Descripcion fisica - info general
Tipo material - Descripcion fisica - info general ta
008 - Elementos de Longitud Fija - Información General
Elementos de Longitud Fija - Información t2026 pe ||||| |||| 00| 0 spa d
040 ## - Origen de la Catalogación
Origen de la Catalogación BMG
041 ## - Idioma
Idioma spa
100 ## - Autor
Autor Donayre, Andrés
Rol del Autor autor
9 (RLIN) 52695
245 ## - Titulo
Titulo Características de los pacientes atendidos por FISSAL para trasplante renal en el año 2022 Lima, Peru: estudio observacional descriptivo
300 ## - Páginas
Paginación páginas 32-38
520 ## - Resumen
Resumen Estudio con el objetivo de describir las características institucionales, demográficas y económicas de los pacientes beneficiados con trasplante renal en Lima durante 2022 financiado por SIS/FISSAL. Se realizó un estudio observacional descriptivo basado en datos secundarios de FISSAL 2022 sobre enfermedades raras y trasplantes. La unidad de análisis fueron pacientes atendidos en hospitales de referencia. Se analizaron variables como edad, sexo, establecimiento de salud, tipo de seguro y monto de financiamiento. Se encontró 203 pacientes trasplantados; el 91% estuvo afiliado al SIS Gratuito. El 42% atendido en el Hospital Nacional Cayetano Heredia y el 33% en el Instituto Nacional de Salud del Niño–San Borja. Los adolescentes (12–17 años) concentraron el mayor gasto (61,7%; S/ 750 388), seguidos por adultos jóvenes (20,6%) y adultos (17,7%). Los resultados evidencian mayor gasto en población joven y la necesidad de evaluar equidad, acceso y sostenibilidad de los programas financiados por FISSAL/SIS.
650 ## - Temas - Descriptores
Temas - Descriptores TRASPLANTE DE RIÑÓN
9 (RLIN) 13898
650 ## - Temas - Descriptores
Temas - Descriptores FALLO RENAL CRÓNICO
9 (RLIN) 49121
650 ## - Temas - Descriptores
Temas - Descriptores FINANCIACIÓN DE LA ATENCIÓN DE LA SALUD
9 (RLIN) 4690
650 ## - Temas - Descriptores
Temas - Descriptores SEGURO DE SALUD
9 (RLIN) 2768
700 ## - Autor Personal
Autor Personal Sánchez, Alonso
Rol del autor autor
9 (RLIN) 52696
700 ## - Autor Personal
Autor Personal Acosta, Ana Lucía
Rol del autor autor
9 (RLIN) 52697
700 ## - Autor Personal
Autor Personal Aparicio Hidalgo, Briset
Rol del autor autor
9 (RLIN) 52698
700 ## - Autor Personal
Autor Personal Novoa, Mónica
Rol del autor autor
9 (RLIN) 52699
773 0# - Revista (Relacion con el numero)
Host Biblionumber 22497
Host Itemnumber 22595
Ciudad, Editorial Lima : IETSI
Codigo barras item/ejemplar CITES01
Titulo de la Revista Ciencia y Tecnología aplicada a la Salud Pública
Número de control de registro ESSALUD
ISSN 3119-7981
942 ## - Elementos de Koha
Tipo de Documento Artículos
Fecha procesamiento 2026-06-11
Catalogador AFC

No hay ítems disponibles.